000 00896cab a2200253 4500
001 WB3506-11
008 090401t1999 xxu||||| |||| 00| 0 eng d
035 _a(Sirsi) u91231
041 _aeng
245 _aConcrete cancer safety risk `small`
260 _c1999
350 _a0
490 _aBuilding Design
_v(13) 5 February 1999, 5(1)
520 _aReports the findings of the Thaumasite Expert Group on the risk of decay or collapse of buildings due to the thaumasite form of sulphate attack on concrete. It found no cause for serious concern for public safety. See also WB 3504-05.
650 _aCONCRETE BRIDGES
650 _aCONCRETE BUILDINGS
650 _aALKALI SILICA REACTION
650 _aCONCRETE STRUCTURES
650 _aSULPHATE ATTACK
650 _aTHAUMASITE EXPERT GROUP
690 _aBUILT ENVIRONMENT-BUILDING MATERIALS
942 _n0
948 _c11/02/1999
999 _c57888
_d57888